A Z generációs egyetemista fiatalok munkaerőpiaci segítése

Bibliográfiai részletek
Szerző: Rehó Karolina Anna
További közreműködők: Thuma Dr. Orsolya Klára
Dokumentumtípus: Diplomadolgozat
Kulcsszavak:egyetem
emberi erőforrás - munkaerő
karrierlehetőségek
karriermenedzsment
Z generáció
Online Access:http://dolgozattar.uni-bge.hu/60115

MARC

LEADER 00000nta a2200000 i 4500
001 dolg60115
005 20260409150017.0
008 260409suuuu hu om 000 hun d
040 |a BGE Dolgozattár Repozitórium  |b hun 
041 |a hu 
100 1 |a Rehó Karolina Anna 
245 1 2 |a A Z generációs egyetemista fiatalok munkaerőpiaci segítése  |c Rehó Karolina Anna  |h [elektronikus dokumentum] 
520 3 |a Dolgozatomban célom az volt, hogy átfogó képet tudjak nyújtani a Z generációs egyetemisták sajátos készségeiről, munkahelyi elvárásairól, valamint arról, hogyan lehet őket hatékonyan megszólítani, motiválni és megtartani a munkaerőpiacon. Részletesen elemeztem azt is, hogy milyen szerepet játszanak az egyetemek és a munkáltatók a fiatalok karrierútjának megalapozásában, illetve milyen támogatási formákkal tudják elősegíteni a zökkenőmentes átmenetet az oktatás világából a munka világába. A dolgozat emellett felméri, hogy mit jelent a pályakezdők számára a sikeres karrier fogalma, milyen jellemző karrierutakat kínálnak számukra a munkahelyek, és mely támogatási lehetőségeket tartják a leghasznosabbnak szakmai fejlődésük során, illetve jelenleg mennyire érzik magukat felkészültnek a munkaerőpiacra. Célom, hogy gyakorlati javaslatokkal járuljak hozzá a generáció igényeire szabott, tudatos és támogató karrierépítési környezet kialakításához. 
695 |a egyetem 
695 |a emberi erőforrás - munkaerő 
695 |a karrierlehetőségek 
695 |a karriermenedzsment 
695 |a Z generáció 
700 1 |a Thuma Dr. Orsolya Klára  |e ths 
856 4 0 |u http://dolgozattar.uni-bge.hu/60115/1/Reh%C3%B3_Karolina_Anna_Szakdolgozat_2025.pdf  |z Dokumentum-elérés 
856 4 0 |u http://dolgozattar.uni-bge.hu/60115/2/Reh%C3%B3%20Karolina_b%C3%ADr%C3%A1lati%20lap_%C3%81d%C3%A1mku%20Szabina.pdf  |z Dokumentum-elérés 
856 4 0 |u http://dolgozattar.uni-bge.hu/60115/3/Reh%C3%B3%20Karolina%20b%C3%ADr%C3%A1lat%20KSZ.pdf  |z Dokumentum-elérés